000 01910cad a22002895a 4500
001 L148967
008 091208s20091207xxk f f000 0 eng d
020 _a9781409820550
035 _a(Sirsi) u148967
041 0 _aeng
050 0 4 _a711.1 $2 18
110 2 _aUnited Kingdom
_bDepartment for Communities and Local Government
_94939
245 0 0 _aPlanning policy statement 25
_bdevelopment and flood risk, practice guide
_h[electronic resource]
260 _aLondon
_bDCLG
_c2009
505 2 _aIntroduction -- Taking flood risk into account in the planning process -- The assessment of flood risk -- The sequential and exception tests -- Managing surface water -- Risk management by design -- Residual risk -- Appendix A: PPS25 in context with other national planning policy -- Appendix B: FRA checklist -- Appendix C: relevant policies, plans and sources of information -- Abbreviations/Acronyms -- Glossary
520 _aComplementary document to Planning Policy Statement 25: Development and Flood Risk (PPS25), this practice guide provides advice on how to implement development and flood risk policies by the land use planning system. Includes case studies. Appendix B contains a checklist to help prepare a site-specific flood risk assessment in accordance with PPS25 and this practice guide.
520 _aSupersedes the practice guide published in June 2008, ISBN 9781851129362 (L144058).
521 _aAdvanced
590 _aKA NTK
650 2 4 _aPLANNING POLICY STATEMENT 25
650 2 4 _aPLANNING POLICY GUIDANCE NOTE 25
651 4 _aEngland
_y886-
690 _aENVIRONMENTAL AND LAND CONSULTANCY-PLANNING AND DEVELOPMENT
690 _aENVIRONMENTAL AND LAND CONSULTANCY-WATER RESOURCE MANAGEMENT-FLOODING
856 4 0 _uhttps://www.communities.gov.uk/documents/planningandbuilding/pdf/pps25guideupdate.pdf
_zView the order free of charge at www.communities.gov.uk...
942 _n0
999 _c110310
_d110310